Score 0/13 Timer 01:00
4 Plays Today
Clue 4-Letter Word % Correct
Italian shape?BOOT
97.5%
Magnetic or fishing followerPOLE
91.6%
Karate skill level signBELT
88.4%
'You look as ______ as a ghost!'PALE
88%
Opinion surveyPOLL
87.5%
Road usage feeTOLL
87%
Schedule a concertBOOK
86.5%
Firmly secureBOLT
82.2%
Swiss legend WilliamTELL
80.4%
Door ringerBELL
78.5%
Where one can find amusement?PARK
66.6%
Remove a coverPARE
63.4%
Harmon of 'NCIS' and 'JAG'MARK
47.6%

Today's Daily Dose

Remove Ads.
Support Sporcle.
Get the best of Sporcle when you Go Orange. This ad-free experience offers more features, more stats, and more fun while also helping to support Sporcle. Thank you for becoming a member.

You're not logged in!

Compare scores with friends on all Sporcle quizzes.
OR
Log In

Show Comments

Extras

Top Quizzes Today


Score Distribution

Your Account Isn't Verified!

In order to create a playlist on Sporcle, you need to verify the email address you used during registration. Go to your Sporcle Settings to finish the process.

Report this User

Report this user for behavior that violates our Community Guidelines.

Details: